Statistics for Largest Grapefruit Producers

Click here to take the quiz!

General Stats

  • This quiz has been taken 61 times
  • The average score is 7 of 11

Answer Stats

Metric TonsAnswer% Correct
1 millUSA
96%
3.8 millChina
95%
2000,00India
93%
415,000Mexico
88%
304,559South Africa
75%
243,267Turkey
75%
328,000Thailand
65%
200,000Argentina
63%
246,818Israel
28%
196,000Sudan
26%
192,000Ghana
12%

Score Distribution

Percentile by Number Answered

Percent of People with Each Score

Your Score History

You have not taken this quiz